Emerging adulthood, solo living and changes in gender subjectivity
Rodová socializáca a univerzalizácia praktických požiadaviek. Vznikajúca dospelosť, samostatný život a zmeny v rodovej subjektivite. Domácnosti mladých dospelých – prirodzené prostredie, v ktorom možno nájsť modely rodovej transformácie.
Saved in:
| Main Author: | |
|---|---|
| Other Authors: | |
| Format: | Book Chapter |
| Language: | Slovak |
| Subjects: | |
| Tags: |
No Tags, Be the first to tag this record!
|
MARC
| LEADER | 00000naa a2200000 4500 | ||
|---|---|---|---|
| 001 | 0234001 | ||
| 005 | 20221104112400.3 | ||
| 041 | 0 | |a slo | |
| 044 | |a SK | ||
| 245 | 1 | 0 | |a Emerging adulthood, solo living and changes in gender subjectivity |c Michaela Kvapilová Bartošová, Petr Fučík |
| 520 | |a Rodová socializáca a univerzalizácia praktických požiadaviek. Vznikajúca dospelosť, samostatný život a zmeny v rodovej subjektivite. Domácnosti mladých dospelých – prirodzené prostredie, v ktorom možno nájsť modely rodovej transformácie. | ||
| 610 | 2 | 0 | |a socializácia |
| 610 | 2 | 0 | |a skupiny vekové |
| 610 | 2 | 0 | |a mládež |
| 610 | 2 | 0 | |a dospelí |
| 610 | 2 | 0 | |a domácnosti |
| 610 | 2 | 0 | |a transformácia |
| 610 | 2 | 0 | |a rovnosť rodová |
| 610 | 2 | 0 | |a udalosti sociálne |
| 100 | 1 | |a Kvapilová Bartošová, Michaela | |
| 700 | 1 | |a Fučík, Petr | |